000 00347nam a22001337a 4500
005 20170823124947.0
008 170823b xxu||||| |||| 00| 0 eng d
041 _aeng
100 _aRajendra Kuamr
_93893
245 _aGlossary: Genetics,Breeding Biotech and Seed Technolgy
260 _bRama Publishing House
_c2017
300 _a240
942 _cBK
999 _c5527
_d5525